| 000 | 01219nas a2200253 i 4500 | ||
|---|---|---|---|
| 003 | DO-SdBNP | ||
| 005 | 20260217144315.0 | ||
| 007 | ta | ||
| 008 | 260217e1971 dr mn|p|r||||||0| |0spa d | ||
| 040 |
_aDO-SdBNP _bspa _cBNPHU _erda |
||
| 041 | _aspa | ||
| 245 |
_aFranciscanismo : _brevista de los PP Capuchino. |
||
| 264 |
_aSanto Domingo, República Dominicana : _bPropaganda Franciscana, _c1971. |
||
| 300 |
_avolumen : _bilustraciones, fotografías ; _c23 cm. |
||
| 336 |
_atexto _btxt _2rdacontent |
||
| 337 |
_asin mediación _bn _2rdamedia |
||
| 338 |
_avolumen _bnc _2rdacarrier |
||
| 362 | _aAño 1. No. 1, marzo-abril 1971. | ||
| 500 | _aCatalogación basada en el Año 1. No. 1, marzo-abril 1971. | ||
| 520 | _aEl Franciscanismo es un don de Dios para la Iglesia, y dentro de la perspectiva eclesial hay que vivirlo. Todo movimiento espiritual debe ser una respuesta a una necesidad concreta de la Iglesia, y esa concretez temporal debe ser continuamente actualizada al ritmo de las necesidades prioritarias de la Iglesia. | ||
| 650 | 0 |
_aFranciscanos en República Dominicana _933916 _vPublicaciones periódicas |
|
| 650 | 0 |
_aReligión _xEnseñanza _vPublicaciones periódicas _963874 |
|
| 942 |
_2ddc _cISSUE |
||
| 999 |
_c60344 _d60344 |
||